Library of the University of Algiers 3
Ibrahim Sultan Cheibout
شعار جامعة الجزائر 3
مكتبة جامعة الجزائر 3
إبراهيم سلطان شيبوط

الأصول العلمية في المحاسبة الضريبية / (رقم التسجيلة. 43272)

تفاصيل مارك
000 -LEADER
fixed length control field 01562nam a2200241Ia 4500
003 - CONTROL NUMBER IDENTIFIER
control field Ost
005 - DATE AND TIME OF LATEST TRANSACTION
control field 20260507075137.0
008 - FIXED-LENGTH DATA ELEMENTS--GENERAL INFORMATION
fixed length control field 260507s9999||||xx |||||||||||||| ||und||
040 ## - CATALOGING SOURCE
Transcribing agency fsecg
041 ## - LANGUAGE CODE
Language code of text/sound track or separate title ara
082 ## - DEWEY DECIMAL CLASSIFICATION NUMBER
Classification number 330
100 ## - MAIN ENTRY--PERSONAL NAME
Personal name الخطيب، خالد
Relator term مؤلف
245 #0 - TITLE STATEMENT
Title الأصول العلمية في المحاسبة الضريبية /
Statement of responsibility, etc. خالد الخطيب
260 ## - PUBLICATION, DISTRIBUTION, ETC.
Place of publication, distribution, etc. عمان:
Name of publisher, distributor, etc. دار الحامد للنشر والتوزيع,
Date of publication, distribution, etc. 1998
300 ## - PHYSICAL DESCRIPTION
Extent 350 صفحة؛
Other physical details إيضاحات ؛
Dimensions 25 سم
504 ## - BIBLIOGRAPHY, ETC. NOTE
Bibliography, etc. note المراجع ص.347
520 ## - SUMMARY, ETC.
Summary, etc. ماهية الضريبة، مفهوم الدخل، الدخل الخاضع للضريبة، معدلات الضريبة على الدخل، خصائص الضريبة على الدخل، الأشخاص الخاضعون للضريبة على الدخل، الغعفاءات من الضريبة على الدخل، النفقات والأعباء الواجبة الخصم من وعاء الضريبة على الدخل، تدوير الخسائر، ضريبة الدخل من كسب العمل، التصريح الضريبي والبيانات الواجبة على المكلف بضريبة الدخل تقديمها، المستندات والحسابات المنتظمة، تحصيل الضريبة والرديات، إعتراض وإستئناف قضايا ضريبة الدخل.
653 ## - INDEX TERM--UNCONTROLLED
Uncontrolled term الضرائب- محاسبة
653 ## - INDEX TERM--UNCONTROLLED
Uncontrolled term الضريبة على الدخل
653 ## - INDEX TERM--UNCONTROLLED
Uncontrolled term المحاسبة
653 ## - INDEX TERM--UNCONTROLLED
Uncontrolled term المحاسبة الضريبية
942 ## - ADDED ENTRY ELEMENTS (KOHA)
Koha item type كتب
المقتنيات
Withdrawn status Lost status Source of classification or shelving scheme Damaged status Not for loan Home library Current library Date acquired Serial enumeration / chronology Inventory number Total checkouts Full call number Barcode Date last seen Price effective from Koha item type
    Dewey Decimal Classification   NOT LOAN / إعارة داخلية مكتبة كلية العلوم الإقتصادية والعلوم التجارية وعلوم التسيير مكتبة كلية العلوم الإقتصادية والعلوم التجارية وعلوم التسيير 07/05/2026 الطابق الأرضي 2191/1   أ/2191ن1 2191/1 07/05/2026 07/05/2026 كتب
    Dewey Decimal Classification   Available مكتبة كلية العلوم الإقتصادية والعلوم التجارية وعلوم التسيير مكتبة كلية العلوم الإقتصادية والعلوم التجارية وعلوم التسيير 07/05/2026 الطابق الأرضي 2191/2   أ/2191ن2 2191/2 07/05/2026 07/05/2026 كتب
    Dewey Decimal Classification   Available مكتبة كلية العلوم الإقتصادية والعلوم التجارية وعلوم التسيير مكتبة كلية العلوم الإقتصادية والعلوم التجارية وعلوم التسيير 07/05/2026 الطابق الثاني 2191/3   أ/2191ن3 2191/3 07/05/2026 07/05/2026 كتب

موارد الويب المفتوحة


© University of Algiers 3 All Rights Reserved
|
Implemented by LECHELAH Riad